000 01151nam a2200397 a 4500
003 AR-BaBNM
005 20251128204110.0
008 082120s2002 ||||||||||||||000 | spa||
020 _a950-25-1580-1
040 _cAR-BaBNM
245 0 0 _aDimensiones de la vejez en la sociedad argentina
260 _aBuenos Aires
_bCentro Editor de América Latina
_c1991
300 _a122 p.
490 0 _aBiblioteca política Argentina
_vv. 311
500 _aCompilación por René A. Knopoff y María Julieta Oddone
504 _aContiene: bibliografía al final de cada capítulo
650 4 _aANALISIS DEMOGRAFICO
650 4 _aVEJEZ
650 4 _aSOCIEDAD
650 4 _aSEGURIDAD SOCIAL
650 4 _aPOBREZA
650 4 _aMARGINALIDAD SOCIAL
650 4 _aANTROPOLOGIA
650 4 _aPROBLEMAS SOCIALES
650 4 _aANTOLOGIAS
700 1 _aKnopoff, René A.
700 1 _aDaino, Leonardo
700 1 _aGolbert, Laura
700 1 _aKnopoff, René A.
700 1 _aMüller, María S.
700 1 _aOddone, María Julieta
700 1 _aSaurí, Alvaro
800 1 _aTroncoso, Oscar
_edirector
942 _cBK
998 _cGrace
999 _c6167
_d6167